000
00226nam a22000857a 4500
008
160712b xxu||||| |||| 00| 0 eng d
100
_9
2634
_a
Dreamland
245
_a
The Little Mermaid
260
_a
New Delhi
_b
Dreamland Publication
999
_c
2288
_d
2288